|
|
|
|
| LEADER |
00000cas a2200000 a 4500 |
| 001 |
vtls008882751 |
| 003 |
SK-MaSNL |
| 005 |
20260425194224.0 |
| 008 |
230809d19741990xo er ner 0 0 b0sloo |
| 035 |
|
|
|a (SVKBB03)vtls000115206
|
| 040 |
|
|
|a SVKBB
|b slo
|c SVKBB
|d SNK
|e AACR2
|
| 041 |
0 |
|
|a slo
|
| 043 |
|
|
|a e-xo---
|
| 072 |
|
7 |
|a 69
|x Stavebníctvo
|2 konspekt
|
| 072 |
|
7 |
|a 334
|x Formy organizácie a spolupráce v ekonomike
|2 konspekt
|
| 080 |
|
|
|a 69
|2 2011
|
| 080 |
|
|
|a 334.72
|2 2011
|
| 080 |
|
|
|a (437.6)
|2 2011
|
| 080 |
|
|
|a (054)
|2 2011
|
| 245 |
0 |
0 |
|a Prievidzský stavbár
|b príloha okresných novín Prieboj
|
| 260 |
|
|
|a Prievidza
|b Priemstav
|c 1974-1990
|
| 300 |
|
|
|a 17 zv.
|c 45 cm
|
| 310 |
|
|
|a 2x mesačne
|
| 362 |
0 |
|
|a Č. 9 (1974)-č. 12 (1990)
|
| 500 |
|
|
|a Po č. 8 vychádza pod názvom Priemstavácky Prieboj
|
| 610 |
2 |
7 |
|a Priemstav (Prievidza, Slovensko)
|2 SNKKA
|9 265931
|
| 650 |
0 |
7 |
|a stavebníctvo
|2 SNKPH
|9 726
|
| 650 |
0 |
7 |
|a podniky
|2 SNKPH
|9 923
|
| 651 |
|
7 |
|a Slovensko
|2 SNKPH
|9 14231
|
| 655 |
|
7 |
|a noviny
|2 SNKPH
|9 72987
|
| 772 |
0 |
|
|t Prieboj
|x 0231-682X
|w vtls010299841
|
| 780 |
0 |
0 |
|t Priemstavácky Prieboj
|w vtls008882702
|
| 910 |
|
|
|a snk
|
| 916 |
|
|
|a 1974-1990
|
| 999 |
|
|
|c 7502
|d 9432
|
| 952 |
|
|
|t č. 9-26
|a SNK
|b SNK
|y PREZ
|7 0
|p 17A1464596
|o snkČSA 618/A/1974/2
|i snkČSP 127/73
|f 1
|0 0
|1 0
|4 0
|d 2022-11-02
|l 0
|r 2026-02-21 20:10:59
|w 2026-02-21
|
| 952 |
|
|
|t č. 1-26
|a SNK
|b SNK
|y PREZ
|7 0
|p 17A1464597
|o snkČSA 618/A/1975
|i snkČSP 922/76
|f 1
|0 0
|1 0
|4 0
|d 2022-11-02
|l 0
|r 2026-02-21 20:10:59
|w 2026-02-21
|
| 952 |
|
|
|t č. 1-25
|a SNK
|b SNK
|y PREZ
|7 0
|p 17A1464598
|o snkČSA 618/A/1976
|i snkČSP 699/77
|f 1
|0 0
|1 0
|4 0
|d 2022-11-02
|l 0
|r 2026-02-21 20:10:59
|w 2026-02-21
|
| 952 |
|
|
|t č. 1-26
|a SNK
|b SNK
|y PREZ
|7 0
|p 17A1464599
|o snkČSA 618/A/1978
|i snkČSP 1198/78
|f 2
|0 0
|1 0
|4 0
|d 2022-11-02
|l 0
|r 2026-02-21 20:10:59
|w 2026-02-21
|
| 952 |
|
|
|t č. 1-26
|a SNK
|b SNK
|y PREZ
|7 0
|p 17A1464600
|o snkČSA 618/A/1979
|f 2
|0 0
|1 0
|4 0
|d 2022-11-02
|l 0
|r 2026-02-21 20:10:59
|w 2026-02-21
|
| 952 |
|
|
|t č. 1-26
|a SNK
|b SNK
|y PREZ
|7 0
|p 17A1464601
|o snkČSA 618/A/1980
|i snkČSP 1197/81
|f 2
|0 0
|1 0
|4 0
|d 2022-11-02
|l 0
|r 2026-02-21 20:10:59
|w 2026-02-21
|
| 952 |
|
|
|t č. 1-26
|a SNK
|b SNK
|y PREZ
|7 0
|p 17A1464602
|o snkČSA 618/A/1981
|i snkČSP 1155/82
|f 2
|0 0
|1 0
|4 0
|d 2022-11-02
|l 0
|r 2026-02-21 20:10:59
|w 2026-02-21
|
| 952 |
|
|
|t č. 1-26
|a SNK
|b SNK
|y PREZ
|7 0
|p 17A0777867
|o snkČSA 618/A/1982
|f 1
|0 0
|1 0
|4 0
|d 2022-11-03
|l 0
|r 2026-02-21 20:12:35
|w 2026-02-21
|
| 952 |
|
|
|t č. 1-26
|a SNK
|b SNK
|y PREZ
|7 0
|p 17A1464603
|o snkČSA 618/A/1983
|i snkČSP 1527/84
|f 2
|0 0
|1 0
|4 0
|d 2022-11-03
|l 0
|r 2026-02-21 20:12:35
|w 2026-02-21
|
| 952 |
|
|
|t č. 1-26
|a SNK
|b SNK
|y PREZ
|7 0
|p 17A1464604
|o snkČSA 618/A/1985
|i snkČSP 1239/88
|f 2
|0 0
|1 0
|4 0
|d 2022-11-03
|l 0
|r 2026-02-21 20:12:35
|w 2026-02-21
|
| 952 |
|
|
|t č. 1-26
|a SNK
|b SNK
|y PREZ
|7 0
|p 17A1464605
|o snkČSA 618/A/1986
|i snkČSP 517/88
|f 2
|0 0
|1 0
|4 0
|d 2022-11-03
|l 0
|r 2026-02-21 20:12:36
|w 2026-02-21
|
| 952 |
|
|
|t č. 1-24
|a SNK
|b SNK
|y PREZ
|7 0
|p 17A0778269
|o snkČSA 618/A/1987
|i snkČSP 1691/88
|f 2
|0 0
|1 0
|4 0
|d 2022-11-03
|l 0
|r 2026-02-21 20:12:36
|w 2026-02-21
|
| 952 |
|
|
|t č. 1-26
|a SNK
|b SNK
|y PREZ
|7 0
|p 17A0778267
|o snkČSA 618/A/1988
|f 2
|0 0
|1 0
|4 0
|d 2022-11-03
|l 0
|r 2026-02-21 20:12:36
|w 2026-02-21
|
| 952 |
|
|
|t č. 1-26
|a SNK
|b SNK
|y PREZ
|7 0
|p 17A1464606
|o snkČSA 618/A/1989
|i snkČSP 467/91
|f 2
|0 0
|1 0
|4 0
|d 2022-11-03
|l 0
|r 2026-02-21 20:12:36
|w 2026-02-21
|
| 952 |
|
|
|t č. 1-26
|a SNK
|b SNK
|y PREZ
|7 0
|p 17A0777926
|o snkČSA 618/A/1984
|f 2
|0 0
|1 0
|4 0
|d 2022-11-03
|l 0
|r 2026-02-21 20:12:36
|w 2026-02-21
|
| 952 |
|
|
|t č. 1-12
|a SNK
|b SNK
|y PREZ
|7 0
|p 17A0079649
|o snkČSA 618/A/1990
|i snkČSP 305/92
|f 1
|0 0
|1 0
|4 0
|d 1997-07-10
|l 0
|r 2005-01-02 00:00:00
|w 2026-02-21
|